00890nam a2200217 i 450000100060000000300090000600500170001500700030003200800410003510000250007624501700010125000490027126000620032030000300038265000310041270000400044370000320048385200200051599900170053595201200055286997ES-MaACL20230906175553.0t|041217s1930 sp ||||1| spa d1 aKonya, Karl.916446310aGuía práctica de análisis de orinas para uso de médicos, farmacéuticos y químicos / cpor el Dr. Harl Konya ; traducido por el Dr. Enrique Moles Ormella. a5ª ed. modernizada por el Ldo. F. Piñero. aBarcelona : bManuel Marín, c1930 (fImp. La Neotipia) a422 p. : bil. ; c17 cm. 4aOrina-xAnálisis.9157741 aMoles, Enrique (d1883-1953)9818641 aPiñero, Francisco.992274 aES-MaACLjE-310 c86997d86997 00104070aATENEOMbATENEOMcDEPO2d2008-01-17eSCl0oE-310p1090895r2023-02-23 00:00:00w2023-02-23yMONOGRAFIA